Statistics for Every NBA Team's Leading Scorer Since 2000

Click here to take the quiz!

General Stats

  • This quiz has been taken 65 times
  • The average score is 24 of 30

Answer Stats

HintAnswer% Correct
Lakers (30,888)Kobe Bryant
100%
Spurs (23,681)Tim Duncan
100%
Mavericks (31,275)Dirk Nowitzki
98%
Heat (21,556)Dwyane Wade
97%
Rockets (18,365)James Harden
97%
Cavaliers (23,119)LeBron James
97%
Thunder (18,859)Russell Westbrook
97%
Warriors (22,531*)Steph Curry
97%
Timberwolves (14,562)Kevin Garnett
95%
76ers (15,102)Allen Iverson
93%
Wizards (15,391)Bradley Beal
93%
Trailblazers (19,376)
Damian Lillard
93%
Celtics (23,230)Paul Pierce
93%
Bucks (17,239*)Giannis Antetokounmpo
92%
Raptors (13,296)DeMar DeRozan
90%
Suns (13,311*)Devin Booker
90%
Hornets (12,009)Kemba Walker
90%
Clippers (10,863)Blake Griffin
88%
Nuggets (13,970)Carmelo Anthony
88%
Magic (11,435)Dwight Howard
87%
Pelicans (11,059)Anthony Davis
83%
Knicks (10,186)Carmelo Anthony
80%
Grizzlies (11,733)Mike Conley
72%
Nets (10,444)Brook Lopez
67%
Kings (9,894)DeMarcus Cousins
62%
Pistons (11,582)Richard Hamilton
58%
Hawks (10,606)Joe Johnson
45%
Bulls (10,286)Luol Deng
40%
Jazz (8,411)Andrei Kirilenko
32%
Pacers (9,580)Jermaine O'Neal
32%

Score Distribution

Percentile by Number Answered

Percent of People with Each Score

Your Score History

You have not taken this quiz